5HLuxD.jpg

KING HENRY VIII SENIOR AND PRIMARY SCHOOL LIBRARY OPAC

Ada's ideas : (Record no. 1920)

000 -LEADER
fixed length control field 01766pam a2200409 i 4500
001 - CONTROL NUMBER
control field 020802621
003 - CONTROL NUMBER IDENTIFIER
control field UkOxU
005 - DATE AND TIME OF LATEST TRANSACTION
control field 20230217154927.0
008 - FIXED-LENGTH DATA ELEMENTS--GENERAL INFORMATION
fixed length control field 160224s2016 nyua j b 000 0beng c
010 ## - LIBRARY OF CONGRESS CONTROL NUMBER
LC control number 2016004363
015 ## - NATIONAL BIBLIOGRAPHY NUMBER
National bibliography number GBB675731
Source bnb
016 7# - NATIONAL BIBLIOGRAPHIC AGENCY CONTROL NUMBER
Record control number 017869797
Source Uk
020 ## - INTERNATIONAL STANDARD BOOK NUMBER
International Standard Book Number 9781419718724
Qualifying information hardback
035 ## - SYSTEM CONTROL NUMBER
System control number (Uk)017869797
040 ## - CATALOGING SOURCE
Original cataloging agency StDuBDS
Language of cataloging eng
Description conventions rda
Transcribing agency StDuBDS
Modifying agency Uk
-- UkOxU
-- KH8
042 ## - AUTHENTICATION CODE
Authentication code ukblcatcopy
043 ## - GEOGRAPHIC AREA CODE
Geographic area code e-uk---
082 04 - DEWEY DECIMAL CLASSIFICATION NUMBER
Classification number 510.92 ROB
Edition number 23
100 10 - MAIN ENTRY--PERSONAL NAME
Personal name Robinson, Fiona,
Relator term author.
245 10 - TITLE STATEMENT
Title Ada's ideas :
Remainder of title the story of Ada Lovelace, the world's first computer programmer /
Statement of responsibility, etc. Fiona Robinson.
246 30 - VARYING FORM OF TITLE
Title proper/short title Story of Ada Lovelace, the world's first computer programmer
264 #1 - PRODUCTION, PUBLICATION, DISTRIBUTION, MANUFACTURE, AND COPYRIGHT NOTICE
Place of production, publication, distribution, manufacture New York :
Name of producer, publisher, distributor, manufacturer Abrams Books for Young Readers,
Date of production, publication, distribution, manufacture, or copyright notice 2016.
300 ## - PHYSICAL DESCRIPTION
Extent 1 volume (unnumbered pages) :
Other physical details color illustrations ;
Dimensions 21 x 29 cm
336 ## - CONTENT TYPE
Content type term text
Source rdacontent
337 ## - MEDIA TYPE
Media type term unmediated
Source rdamedia
338 ## - CARRIER TYPE
Carrier type term volume
Source rdacarrier
500 ## - GENERAL NOTE
General note Formerly CIP.
Institution to which field applies Uk
504 ## - BIBLIOGRAPHY, ETC. NOTE
Bibliography, etc. note Includes bibliographical references.
520 ## - SUMMARY, ETC.
Summary, etc. "A picture book biography of mathematician Ada Lovelace, the first computer programmer, by the award-winning author/illustrator Fiona Robinson"--
Assigning source Provided by publisher.
600 10 - SUBJECT ADDED ENTRY--PERSONAL NAME
Personal name Lovelace, Ada King,
Titles and other words associated with a name Countess of,
Dates associated with a name 1815-1852
Form subdivision Juvenile literature.
650 #0 - SUBJECT ADDED ENTRY--TOPICAL TERM
Topical term or geographic name entry element Women mathematicians
Geographic subdivision Great Britain
Form subdivision Biography
-- Juvenile literature.
650 #0 - SUBJECT ADDED ENTRY--TOPICAL TERM
Topical term or geographic name entry element Mathematicians
Geographic subdivision Great Britain
Form subdivision Biography
-- Juvenile literature.
650 #0 - SUBJECT ADDED ENTRY--TOPICAL TERM
Topical term or geographic name entry element Women computer programmers
Geographic subdivision Great Britain
Form subdivision Biography
-- Juvenile literature.
650 #0 - SUBJECT ADDED ENTRY--TOPICAL TERM
Topical term or geographic name entry element Computers
Geographic subdivision Great Britain
General subdivision History
Chronological subdivision 19th century
Form subdivision Juvenile literature.
650 #0 - SUBJECT ADDED ENTRY--TOPICAL TERM
Topical term or geographic name entry element Computer algorithms
General subdivision History
Chronological subdivision 19th century
Form subdivision Juvenile literature.
942 ## - ADDED ENTRY ELEMENTS (KOHA)
Source of classification or shelving scheme
Koha item type Books - Non Ficton
Holdings
Withdrawn status Lost status Source of classification or shelving scheme Damaged status Not for loan Collection code Permanent Location Current Location Shelving location Date acquired Total Checkouts Full call number Barcode Date last seen Date last checked out Price effective from Koha item type
          Non-Fiction KH8 Primary School Library KH8 Primary School Library Non Fiction 2023-02-17 8 510.92 ROB KHPL000003640 2025-12-05 2024-09-19 2023-02-17 Books - Non Ficton

Powered By KH8 IT Dept